Hong Kong investment guide

Đã lưu trong:
書目詳細資料
格式: 圖書
語言:Undetermined
出版: Hong Kong National City Bank 1975
主題:
標簽: 添加標簽
沒有標簽, 成為第一個標記此記錄!
Thư viện lưu trữ: Trung tâm Học liệu Trường Đại học Cần Thơ
LEADER 00495nam a2200169Ia 4500
001 CTU_105638
008 210402s9999 xx 000 0 und d
082 |a 332.65125 
082 |b H769 
245 0 |a Hong Kong investment guide 
260 |a Hong Kong 
260 |b National City Bank 
260 |c 1975 
650 |a Investments, Foreign,Industries,Commerce 
650 |z China,China,Hong Kong,Hong Kong (China) 
904 |i Hiếu 
980 |a Trung tâm Học liệu Trường Đại học Cần Thơ